| 000 | 00967nam a2200229 a 4500 | ||
|---|---|---|---|
| 003 | BD-DhJNU | ||
| 005 | 20260423081641.0 | ||
| 008 | 260508s2023 bg |||g |||| 000 1|ben|d | ||
| 020 | _a9788196158835 | ||
| 040 |
_aBD-DhJNU _bben _cBD-DhJNU _dBD-DhJNU |
||
| 041 | _aben | ||
| 082 |
_a792.03 GHT _223 |
||
| 100 | _aঘোষ, সৌম্যেন্দু | ||
| 245 | 1 | 0 |
_aথিয়েটারে ব্যবহৃত শব্দের অভিধান / _cসৌম্যেন্দু ঘোষ |
| 246 | _aThiyetare babohuto shobder obhidhan | ||
| 260 |
_aকলকাতা : _bপ্রতিভাস, _c2023. |
||
| 300 |
_a১৭৬ পৃ. : _bচিত্র ; _c২২ সেমি.। |
||
| 504 | _aগ্রন্থপঞ্জিগত নির্দেশিকা ও নিঘন্ট অন্তভূক্ত | ||
| 650 | _aথিয়েটার -- পরিভাষা | ||
| 650 | _aTheater -- Terminology | ||
| 942 | _cBK | ||
| 999 |
_c2721 _d2721 |
||